000 00899nam a2200253 a 4500
001
003 DO-SdBNP
005 20211203120359.0
008 090703s2009 dr 000 0 spa d
020 _a9789945162882
040 _aDO-SdBNP
_bspa
_cBPMSU
082 4 _a972.9326
_bS684b 2009
_222
100 1 _aSolano Pérez, Juan,
_d1965-
245 1 0 _aBahoruco en el siglo XXI y otros escritos /
_cJuan Solano Pérez.
260 _aSanto Domingo :
_bLibrería La Trinitaria,
_c2009.
300 _a102 p. ;
_c23 cm.
500 _aIncluye datos biográficos el autor en la solapa de la cubierta
590 _a Inventariado, 2021/VM
650 4 _aDesarrollo de la comunidad
_zRepública Dominicana
_xHistoria
651 4 _aBahoruco (República Dominicana)
_xHistoria local
651 4 _aBahoruco (República Dominicana)
_xVida social y costumbres
910 _aMCabrera/ VMateo V.
942 _2ddc
_cBK
999 _c13440
_d13440